Send down a dove. (Record no. 350185)

000 -LEADER
fixed length control field 00597cam a2200229 4500
001 - CONTROL NUMBER
control field 3594277
003 - CONTROL NUMBER IDENTIFIER
control field OSt
005 - DATE AND TIME OF LATEST TRANSACTION
control field 20180116183009.0
008 - FIXED-LENGTH DATA ELEMENTS--GENERAL INFORMATION
fixed length control field 680310r1968 nyu 000 1 eng
010 ## - LIBRARY OF CONGRESS CONTROL NUMBER
LC control number 68023370
040 ## - CATALOGING SOURCE
Original cataloging agency DLC
Transcribing agency DLC
Modifying agency DLC
050 00 - LIBRARY OF CONGRESS CALL NUMBER
Classification number PZ4.M1493
Item number Se3
Classification number PR6063.A235
082 ## - DEWEY DECIMAL CLASSIFICATION NUMBER
Classification number 813.54 MAC 1970
100 1# - MAIN ENTRY--PERSONAL NAME
Personal name MacHardy, Charles.
245 10 - TITLE STATEMENT
Title Send down a dove.
250 ## - EDITION STATEMENT
Edition statement [1st American ed.]
260 ## - PUBLICATION, DISTRIBUTION, ETC.
Place of publication, distribution, etc. New York,
Name of publisher, distributor, etc. Coward-McCann
Date of publication, distribution, etc. [1968]
300 ## - PHYSICAL DESCRIPTION
Extent 351 p.
Dimensions 23 cm.
350 ## - PRICE (NR) (BK AM CF MU VM SE) [OBSOLETE]
Price $5.95
906 ## - LOCAL DATA ELEMENT F, LDF (RLIN)
a 7
b cbc
c orignew
d u
e ncip
f 19
g y-gencatlg
942 ## - ADDED ENTRY ELEMENTS (KOHA)
Source of classification or shelving scheme
Koha item type Book
Holdings
Withdrawn status Lost status Source of classification or shelving scheme Damaged status Not for loan Collection code Permanent Location Current Location Shelving location Date acquired Total Checkouts Full call number Barcode Date last seen Price effective from Koha item type
            Central Library (CL) Central Library (CL) Fiction 08/31/2015   813.54 MAC 1970 NBSD-2096 08/31/2015 08/31/2015 Book
© 2023 Central Library, National University of Sciences and Technology. All Rights Reserved.